Normal view MARC view

Entry Topical Term

Number of records used in: 9

001 - CONTROL NUMBER

  • control field: 3087

003 - CONTROL NUMBER IDENTIFIER

  • control field: dpl

005 - DATE AND TIME OF LATEST TRANSACTION

  • control field: 20100731121541.0

008 - FIXED-LENGTH DATA ELEMENTS

  • fixed length control field: 100731|||a|||||| | ||| d

040 ## - CATALOGING SOURCE

  • Original cataloging agency: dpl
  • Transcribing agency: dpl

150 ## - HEADING--TOPICAL TERM

  • Topical term or geographic name as entry element: Environmental plicy protection

670 ## - SOURCE DATA FOUND

  • Source citation: Work cat.: (dpl)38390: Mallikarjuna Raju 3086, Global environment problems /, 2009

670 ## - SOURCE DATA FOUND

  • Source citation: Work cat.: (dpl)38390: Mallikarjuna Raju 3086, Global environment problems /, 2009

© Delhi Public Library
Hit Counter
free hit counter